01093nam a2200289Ia 4500001001200000003000800012006001900020007001500039008004100054020001500095020001500110040002100125035002100146050002400167100002200191245009000213260005000303300001500353533015200368650004400520650003400564655002900598700001600627710001700643856012600660999001700786ebr10131682CaPaEBRm u cr cn|||||||||010412s2004 enk s 000 0 eng d z0511187610 z1841102121 aCaPaEBRcCaPaEBR a(OCoLC)56025162314aRD82.3b.E54 2004eb1 aElfituri, Khaled.10aMCQs for the final FRCAh[electronic resource] /cby Khaled Elfituri, Graham Arthurs. aLondon :bCambridge University Press,cc2004. axv, 299 p. aElectronic reproduction.bPalo Alto, Calif. :cebrary,d2009.nAvailable via World Wide Web.nAccess may be limited to ebrary affiliated libraries. 0aAnesthesiaxExaminationsvStudy guides. 0aAnesthesiologyvStudy guides. 7aElectronic books.2local1 aArthurs, G.2 aebrary, Inc.40uhttp://site.ebrary.com/lib/rucke/Doc?id=10131682zAn electronic book accessible through the World Wide Web; click to view c80081d80081